00435 2200169 4500001002100000005001500021035002000036245004300056100001500099300003200114260003800146082001200184084001800196600001700214990001700231990001700248INLIS00000000000023420240924085335 a0010-09240000191 aSains & Masyarakat Islam /cNasim Butt0 aNasim Butt a175 hlm :bilus ;c12x19 cm aBandung :bPustaka Hidayah,c1991 a297.266 a297.266 NAS s 4aSains- Islam a0731/PP/2023 a0732/PP/2023